000 00605nam a2200229Ia 4500
001 3092
003 GE_BSU
008 181216s||||||||xx |||||||||||||| ||und||
020 _a5876850713
040 _cGE_BSU
080 _a332(470)(075.8)
100 _aГрадов А.П
245 _aНациональная экономика
245 _bКурс лекций
260 _aСПб
260 _bСпециальная литература
260 _c1997
300 _a316 с. 21 см.
541 _h11 л. 10 т.
653 _aНациональная экономика
942 _cBK
999 _c37136
_d37136